| 000 | 00848nam a22002297a 4500 | ||
|---|---|---|---|
| 999 |
_c1247 _d1247 |
||
| 003 | AR-CdUCM | ||
| 008 | 190226b ||||| |||| 00| 0 spa d | ||
| 040 |
_aMUNICIPALIDAD PROVINCIAL DEL CUSCO _cBIBLIOTECA MUNICIPAL DEL CUSCO |
||
| 041 | _heng | ||
| 082 |
_a296.155 / _bW58 |
||
| 100 |
_aWilson, Edmund _94853 |
||
| 245 |
_aLos rollos del mar muerto : _bEl descubrimiento de los manuscritos bíblicos / _cEdmund Wilson |
||
| 260 |
_aMexico, D.F : _bFondo de cultura económica, _c1956. |
||
| 300 |
_a125 paginas ; _c17 cm. |
||
| 505 | _aEl metropolitano Samuel -- La secta esenia -- El monasterio -- El maestro de justicia -- Que habría dicho Renan ... | ||
| 650 |
_aMonasterio _94854 |
||
| 650 |
_aManuscrito _94855 |
||
| 650 |
_aBiblia _94856 |
||
| 700 |
_aSperatti Piñero, Emma S. _94857 |
||
| 942 |
_2ddc _cLIBROS |
||
| 945 |
_aacv _d2019-02-26 |
||